000 00813nam a22002417a 4500
008 130821s2003 xxua gr eng
020 _a1405101636
040 _aCo-BoUCM
_bspa
041 0 0 _aeng
060 _aWS 342
100 1 _aLevitt, Sophie.
245 1 0 _aTreatment of cerebral palsy and motor delay
_cSophie Levitt
250 _a4a. Ed.
260 _aMalden (Massachusetts, Estados Unidos)
_bBlackwell
_c2003
300 _axvi, 319 páginas
_bilustraciones
504 _aIncluye referencias bibliográficas e índice.
650 0 4 _aFisioterapia para niños
_915959
650 0 4 _aNeurología
_920299
650 0 4 _aNiños con parálisis cerebral
_920364
650 0 4 _aPediatría
_921221
650 0 4 _aTrastornos del movimiento en niños
_925784
942 _cLIBRO
_a15
_e4
_mL666t
_2NLM
_hWS 342
_n0
999 _c90947
_d90947